[Event "Titled Tue 26th Aug Early"]
[Site "chess.com INT"]
[Date "2025.08.26"]
[Round "10"]
[White "Vasquez Schroeder, Rodrigo"]
[Black "Rosen, Eric"]
[Result "1-0"]
[WhiteTitle "GM"]
[BlackTitle "IM"]
[WhiteElo "2446"]
[BlackElo "2377"]
[WhiteFideId "3400042"]
[BlackFideId "2032562"]
[EventDate "2025.08.26"]

1. e4 c5 2. Nf3 Nc6 3. d4 cxd4 4. Nxd4 g6 5. c4 Bg7 6. Be3 Qb6 7. Nb3 Qd8 8. Qd2
d6 9. Nc3 Nf6 10. f3 O-O 11. Be2 a5 12. Na4 Be6 13. O-O Nd7 14. Rfd1 Nb4 15. a3
Na6 16. Rac1 b6 17. Qc2 Qc7 18. Nd4 Ndc5 19. Nc3 Qc8 20. b3 Re8 21. Rb1 h5 22.
b4 Nd7 23. Nd5 Nc7 24. Nxe6 Nxe6 25. Nxb6 Nxb6 26. Bxb6 axb4 27. axb4 Qa6 28.
Be3 Rec8 29. Rdc1 Qa3 30. Qd2 Rab8 31. Kh1 h4 32. Bf1 Rb7 33. Qd3 Qa4 34. Qb3
Qxb3 35. Rxb3 Bd4 36. Bd2 Rcb8 37. Rbb1 Kg7 38. g3 hxg3 39. hxg3 g5 40. Kg2 Kg6
41. Bd3 Ra7 42. e5+ Kg7 43. exd6 exd6 44. f4 Ra2 45. Rc2 Ra3 46. Be4 gxf4 47.
gxf4 Be3 48. f5 Nf4+ 49. Kf1 Rh8 50. Rc3 Bxd2 51. Rxa3 Rh1+ 52. Bxh1 Nh5 53. Ke2
Bf4 54. Rg1+ Kf6 55. Bf3 Ng3+ 56. Rxg3 Bxg3 57. Bd5 Kxf5 58. Rxg3 1-0

[Event "Titled Tue 26th Aug Early"]
[Site "chess.com INT"]
[Date "2025.08.26"]
[Round "10"]
[White "Subervi, Jonathan Sigfredo"]
[Black "Kulik, Nicolas"]
[Result "1-0"]
[WhiteTitle "FM"]
[WhiteElo "2007"]
[BlackElo "2111"]
[WhiteFideId "6400345"]
[BlackFideId "3009530"]
[EventDate "2025.08.26"]

1. d4 g6 2. Nf3 Bg7 3. Bg5 c5 4. c3 cxd4 5. cxd4 Nc6 6. e3 Qb6 7. Qd2 h6 8. Bh4
Nf6 9. Nc3 O-O 10. Be2 d6 11. O-O Bg4 12. Bxf6 Bxf6 13. Nd5 Qa5 14. Nxf6+ exf6
15. Qxa5 Nxa5 16. Rfc1 Rac8 17. Kf1 Rxc1+ 18. Rxc1 Rc8 19. Rxc8+ Bxc8 20. b4 Nc6
21. a3 Ne7 22. Nd2 Nd5 23. Ne4 Bd7 24. Nxd6 b6 25. Bc4 Nc3 26. Nxf7 b5 27. Bb3
Kf8 28. Nxh6 Nb1 29. Ng8 Nd2+ 30. Ke2 Nxb3 31. Nxf6 Ke7 32. Nxd7 Kxd7 33. h4 a5
34. g4 a4 35. f4 Na1 36. Kd3 Nb3 37. e4 Nc1+ 38. Ke3 Na2 39. h5 gxh5 40. gxh5
Ke6 41. h6 Kf6 42. d5 Nxb4 43. Kd4 Nc2+ 44. Kc5 b4 45. e5+ Kg6 46. d6 bxa3 47.
d7 Nd4 48. Kd6 Nf5+ 49. Ke6 Nd4+ 50. Kd5 a2 51. d8=Q a1=Q 52. Qf6+ Kh5 53. Qg5# 1-0

[Event "Titled Tue 26th Aug Early"]
[Site "chess.com INT"]
[Date "2025.08.26"]
[Round "10"]
[White "Lotero, Faiber"]
[Black "Sava, Robert-Gabriel"]
[Result "0-1"]
[WhiteTitle "FM"]
[BlackTitle "CM"]
[WhiteElo "2127"]
[BlackElo "2121"]
[WhiteFideId "4404190"]
[BlackFideId "1265725"]
[EventDate "2025.08.26"]

1. e4 e6 2. d4 d5 3. exd5 exd5 4. Bd3 c5 5. Nf3 Nc6 6. O-O cxd4 7. Nbd2 Nf6 8.
Nb3 Be7 9. Nfxd4 O-O 10. Bf4 Bd6 11. Bxd6 Qxd6 12. Qf3 Bg4 13. Qg3 Qxg3 14. hxg3
Rfe8 15. Rfe1 Kf8 16. Kf1 h5 17. Rxe8+ Rxe8 18. Re1 Rxe1+ 19. Kxe1 Ke7 20. Bb5
Kd6 21. Bd3 g6 22. f3 Bd7 23. c3 Ne5 24. Be2 Nc4 25. Bxc4 dxc4 26. Nd2 b5 27.
Ke2 a6 28. f4 Kd5 29. N2f3 Bg4 30. Ke3 Bxf3 31. gxf3 Nd7 32. f5 g5 33. f4 g4 34.
Nc2 Nf6 35. Nb4+ Kd6 36. Nxa6 Nd5+ 37. Ke4 Nb6 38. b3 Nd5 39. bxc4 bxc4 40. Kd4
h4 41. gxh4 Nxf4 42. Ke4 Ne2 43. h5 Nxc3+ 44. Kf4 Nd5+ 45. Kxg4 c3 46. h6 c2 47.
h7 Nf6+ 48. Kg5 Nxh7+ 0-1

[Event "Titled Tue 26th Aug Early"]
[Site "chess.com INT"]
[Date "2025.08.26"]
[Round "10"]
[White "Amarasinghe, A A C B"]
[Black "Tran Le Vy"]
[Result "0-1"]
[WhiteTitle "CM"]
[BlackTitle "WFM"]
[WhiteElo "1963"]
[BlackElo "1973"]
[WhiteFideId "9901809"]
[BlackFideId "12423599"]
[EventDate "2025.08.26"]

1. d4 d5 2. c4 dxc4 3. Nf3 Nf6 4. e3 a6 5. Bxc4 e6 6. O-O b5 7. Bb3 Bb7 8. a4
Nbd7 9. Qe2 b4 10. Nbd2 Be7 11. Nc4 c5 12. Rd1 Qc7 13. a5 O-O 14. Bd2 Be4 15.
Be1 Ng4 16. g3 Qb7 17. Nfd2 Ngf6 18. Nxe4 Nxe4 19. f3 Nef6 20. Ba4 cxd4 21. exd4
Rac8 22. Rac1 Rfd8 23. b3 Nd5 24. Bxd7 Rxd7 25. Nb6 Rxc1 26. Rxc1 Nxb6 27. axb6
Qxb6 28. Rc8+ Rd8 29. Qc4 Rxc8 30. Qxc8+ Bf8 31. Bf2 Qb5 32. Kg2 a5 33. g4 a4
34. bxa4 Qxa4 35. d5 exd5 36. Kh3 Qa3 37. Bc5 Qxf3+ 38. Kh4 Qf6+ 39. g5 Qf4+ 40.
Kh3 Qf3+ 41. Kh4 Qe4+ 42. Kg3 Qd3+ 43. Kg4 Qc4+ 44. Kf5 Qxc5 0-1

[Event "Titled Tue 26th Aug Early"]
[Site "chess.com INT"]
[Date "2025.08.26"]
[Round "10"]
[White "Myagmarsuren, Evsuld"]
[Black "Carroll, Peter"]
[Result "1/2-1/2"]
[WhiteTitle "FM"]
[BlackTitle "FM"]
[WhiteElo "2247"]
[BlackElo "2167"]
[WhiteFideId "1551639"]
[BlackFideId "2510243"]
[EventDate "2025.08.26"]

1. c4 e5 2. g3 Nc6 3. Bg2 f5 4. Nc3 Nf6 5. e3 d5 6. Nxd5 Nxd5 7. cxd5 Nb4 8. d3
Nxd5 9. Ne2 Be6 10. O-O Be7 11. a3 O-O 12. b4 Bf6 13. Bb2 a5 14. Nc3 axb4 15.
Nxd5 Bxd5 16. axb4 Bxg2 17. Kxg2 Qd5+ 18. Kg1 Rfd8 19. Qc2 c6 20. Rxa8 Rxa8 21.
Ra1 Ra2 22. Rxa2 Qxa2 23. Qc4+ Qxc4 24. dxc4 b5 25. cxb5 cxb5 26. f4 e4 27. Bxf6
gxf6 28. Kf2 Kf7 29. Ke2 Ke6 30. Kd2 Kd5 31. Kc3 h6 32. Kb3 Kc6 33. Kc2 Kd6 34.
Kd2 Ke6 35. h3 h5 36. Kc2 Kd6 37. Kc3 Kd5 38. Kb3 Kc6 39. Kc2 Kd6 40. Kd2 Ke6
41. Kc3 Kd5 42. h4 Kc6 43. Kd4 Kd6 44. Kc3 Ke6 45. Kb3 Kd7 46. Kc3 Kc6 47. Kd4
Kd6 48. Kc3 Kd5 49. Kb3 Kc6 50. Kc3 Kd6 51. Kd4 Kc6 52. Kc3 Kc7 53. Kd4 Kd6 1/2-1/2

[Event "Titled Tue 26th Aug Early"]
[Site "chess.com INT"]
[Date "2025.08.26"]
[Round "10"]
[White "Terry, Renato"]
[Black "Andreikin, Dmitry"]
[Result "1/2-1/2"]
[WhiteTitle "IM"]
[BlackTitle "GM"]
[WhiteElo "2508"]
[BlackElo "2695"]
[WhiteFideId "3803457"]
[BlackFideId "4158814"]
[EventDate "2025.08.26"]

1. d4 d5 2. Nf3 Nf6 3. c4 dxc4 4. e3 e6 5. Bxc4 c5 6. O-O a6 7. dxc5 Bxc5 8.
Qxd8+ Kxd8 9. Nbd2 Ke7 10. Be2 Nbd7 11. Ne1 Ne5 12. a3 Bd7 13. b4 Bd6 14. Bb2
Bb5 15. Bxb5 axb5 16. Nef3 Nc4 17. Nxc4 bxc4 18. Nd4 Rhc8 19. Nb5 Ne4 20. Rfc1
f6 21. Rc2 c3 22. Nxc3 Be5 23. Rac1 Nxc3 24. Bxc3 Rxa3 25. Bxe5 Rxc2 26. Rxc2
fxe5 27. g3 Kd7 28. Rc5 Rb3 29. Rb5 Kc6 30. Rxe5 Rxb4 31. Rxe6+ Kd7 32. Re5 b5
33. Kg2 Rb2 34. g4 b4 35. Kf3 b3 36. Rb5 Kc6 37. Rb8 Kc5 38. Rb7 Kc6 39. Rb8 Kc5
40. h4 Rb1 41. Ke4 Kc4 42. Rc8+ Kb4 43. Rb8+ Kc3 44. Rc8+ Kb4 45. Rb8+ Kc3 46.
Rc8+ Kd2 47. Rd8+ Kc3 48. Rc8+ 1/2-1/2

[Event "Titled Tue 26th Aug Early"]
[Site "chess.com INT"]
[Date "2025.08.26"]
[Round "10"]
[White "Hejazipour, Mitra"]
[Black "Morozov, Egor"]
[Result "0-1"]
[WhiteTitle "WGM"]
[BlackTitle "FM"]
[WhiteElo "2329"]
[BlackElo "2291"]
[WhiteFideId "12505951"]
[BlackFideId "24102121"]
[EventDate "2025.08.26"]

1. e4 c5 2. Nf3 d6 3. d4 cxd4 4. Nxd4 Nf6 5. Nc3 a6 6. Be2 e5 7. Nb3 Be6 8. Be3
Nbd7 9. O-O Rc8 10. f4 b5 11. a4 b4 12. Nd5 Bxd5 13. exd5 a5 14. Bb5 Qc7 15.
fxe5 dxe5 16. Bg5 Bc5+ 17. Kh1 O-O 18. Bxf6 Nxf6 19. Rxf6 gxf6 20. Qg4+ Kh8 21.
Qf5 Rg8 22. Qxf6+ Rg7 23. Nxc5 Qxc5 24. d6 Qd5 25. Rg1 Kg8 26. d7 Rf8 27. b3 Rg6
28. Qe7 Re6 29. Qg5+ Rg6 30. Qh4 e4 31. Qf4 h5 32. Qe3 h4 33. Qh3 Qg5 34. Rd1 e3
35. Qf3 Rf6 36. d8=Q Rxd8 37. Rxd8+ Kg7 38. Qe4 Rf2 39. Qd4+ Qf6 40. Qg4+ Qg6
41. Qd4+ Qf6 42. Qxe3 Rxc2 43. h3 Qxd8 44. Qe5+ Qf6 45. Qe3 Rc3 46. Qe1 Qg5 47.
Bc4 Rc1 0-1

[Event "Titled Tue 26th Aug Early"]
[Site "chess.com INT"]
[Date "2025.08.26"]
[Round "10"]
[White "Buksa, Nataliya"]
[Black "Saydaliev, Saidakbar"]
[Result "0-1"]
[WhiteTitle "IM"]
[BlackTitle "IM"]
[WhiteElo "2400"]
[BlackElo "2455"]
[WhiteFideId "14123622"]
[BlackFideId "14203693"]
[EventDate "2025.08.26"]

1. d4 Nf6 2. Nf3 d5 3. e3 e6 4. Bd3 Bd6 5. b3 O-O 6. Bb2 a5 7. a4 b6 8. Nbd2 Ba6
9. Ne5 Bxd3 10. cxd3 c5 11. O-O cxd4 12. Bxd4 Bxe5 13. Bxe5 Nc6 14. Bb2 Rc8 15.
Nf3 Qe7 16. Rc1 Nd7 17. e4 dxe4 18. dxe4 Nc5 19. Nd4 Nb4 20. Qg4 f6 21. Rc3 Rfd8
22. Rg3 Rd7 23. h4 Rcd8 24. Nb5 Rd3 25. h5 Rxg3 26. Qxg3 Nxe4 27. Qf4 Nc5 28.
Bc3 e5 29. Qf5 Qd7 30. Qf3 Nbd3 31. h6 Nf4 32. hxg7 Qxg7 33. g3 Qg6 34. Rd1
Rxd1+ 35. Qxd1 Nfd3 36. Qf3 Qe4 37. Qxf6 Qg6 38. Bxe5 Qxf6 39. Bxf6 Nxb3 40. Bd8
Nbc5 41. Nc3 Nd7 42. Nd5 b5 43. axb5 a4 44. b6 N3c5 45. Nc3 a3 46. Kf1 Na4 47.
Na2 Naxb6 48. Bxb6 Nxb6 49. Ke2 Kf7 50. Kd3 Ke6 51. Kc3 Kf5 52. f3 Nd7 53. Kd4
Ne5 54. g4+ Kf4 55. g5 Nxf3+ 56. Kd5 Nxg5 57. Kc4 h5 58. Kb3 h4 59. Kxa3 h3 60.
Nc3 h2 61. Ne2+ Kg4 0-1

[Event "Titled Tue 26th Aug Early"]
[Site "chess.com INT"]
[Date "2025.08.26"]
[Round "10"]
[White "Estrada Nieto, Julian"]
[Black "Rodrigues Mota, Romulo Cardoso S"]
[Result "0-1"]
[WhiteTitle "IM"]
[WhiteElo "2182"]
[BlackElo "1940"]
[WhiteFideId "5101018"]
[BlackFideId "2187442"]
[EventDate "2025.08.26"]

1. e4 c5 2. Nf3 g6 3. c3 Bg7 4. d4 cxd4 5. cxd4 d6 6. h3 Nf6 7. Nc3 O-O 8. Be2
Nc6 9. O-O e5 10. dxe5 dxe5 11. Be3 h6 12. Bb5 Be6 13. Bxc6 bxc6 14. Nxe5 Nxe4
15. Qxd8 Rfxd8 16. Nxc6 Nxc3 17. bxc3 Rd6 18. Nd4 Bc4 19. Rfd1 a6 20. a3 Rc8 21.
Rab1 Rd5 22. Rb4 Ra5 23. a4 Kh7 24. Ra1 Bd5 25. Ne2 Rxc3 26. Nxc3 Bxc3 27. Rab1
Bxb4 28. Rxb4 Bc6 29. Rb6 Be8 30. Rb8 Bc6 31. Rb6 Bd5 32. Rd6 Bb3 33. Rd3 Be6
34. Rd4 g5 35. Bd2 Rc5 36. a5 Kg6 37. f3 h5 38. h4 gxh4 39. Rxh4 Rc2 40. Bb4 Bc4
41. Rd4 Bb5 42. Kh2 Bf1 43. Rd2 Rc1 44. Kg3 Kg5 45. Bd6 Kf5 46. Kf2 Bb5 47. Bg3
Rf1+ 48. Ke3 Ra1 49. Bc7 h4 50. Kf2 Ra4 51. Ke3 Ra3+ 52. Kf2 Bd3 53. Ke3 Be4+
54. Kf2 Bc6 55. Bb6 h3 56. gxh3 Rxf3+ 57. Ke2 Rxh3 58. Rc2 Be4 59. Rc5+ Ke6 60.
Rc7 f5 61. Be3 Rh2+ 62. Ke1 Ra2 0-1

[Event "Titled Tue 26th Aug Early"]
[Site "chess.com INT"]
[Date "2025.08.26"]
[Round "10"]
[White "Sarana, Alexey"]
[Black "Nepomniachtchi, Ian"]
[Result "1/2-1/2"]
[WhiteTitle "GM"]
[BlackTitle "GM"]
[WhiteElo "2691"]
[BlackElo "2742"]
[WhiteFideId "24133795"]
[BlackFideId "4168119"]
[EventDate "2025.08.26"]

1. d4 Nf6 2. c4 e6 3. Nc3 Bb4 4. f3 d5 5. a3 Bxc3+ 6. bxc3 c5 7. cxd5 Nxd5 8.
Qd3 b6 9. e4 Ba6 10. Qc2 Bxf1 11. Kxf1 Ne7 12. Be3 O-O 13. Ne2 Qc7 14. Qa4 a6
15. Kf2 b5 16. Qb3 Nbc6 17. Bf4 Qa7 18. Rhd1 Rfd8 19. a4 bxa4 20. Qxa4 cxd4 21.
cxd4 a5 22. Rac1 Rac8 23. Be3 Qa6 24. Rc5 h6 25. h4 Rb8 26. Qc4 Qa8 27. Ra1 Rb2
28. Bc1 Rb4 29. Qc3 Qb7 30. Ra2 Nxd4 31. Nxd4 Rbxd4 32. Rc7 Qb5 33. Be3 Rd3 34.
Qxa5 Qxa5 35. Rxa5 Ng6 36. h5 Nf8 37. Raa7 R3d7 38. Bc5 Rxc7 39. Rxc7 e5 40. Be7
Re8 41. Bd6 Ne6 42. Rb7 Nf4 43. g4 Rd8 44. Rb8 Rxb8 45. Bxb8 f6 46. Ke3 Kf7 47.
Kd2 Ke6 48. Ba7 Kd7 49. Bc5 Ne6 50. Be3 Kc6 51. Kc3 Kb5 52. Kd3 Kb4 53. Bb6 Nc5+
54. Bxc5+ Kxc5 55. Kc3 Kb5 56. Kb3 Kc5 57. Kc3 Kb5 58. Kb3 Kc5 59. Kc3 1/2-1/2

[Event "Titled Tue 26th Aug Early"]
[Site "chess.com INT"]
[Date "2025.08.26"]
[Round "10"]
[White "Dishman, Stephen"]
[Black "Kalyani Sirin"]
[Result "0-1"]
[WhiteTitle "FM"]
[BlackTitle "WFM"]
[WhiteElo "2254"]
[BlackElo "2162"]
[WhiteFideId "403024"]
[BlackFideId "33323500"]
[EventDate "2025.08.26"]

1. d4 Nf6 2. Bg5 d5 3. e3 Ne4 4. Bf4 g5 5. Be5 f6 6. Qh5+ Kd7 7. Bg3 Qe8 8. Be2
Qxh5 9. Bxh5 c5 10. Nd2 Nxd2 11. Kxd2 Nc6 12. c3 e5 13. Bg4+ Kd8 14. Bxc8 Rxc8
15. dxe5 fxe5 16. Nf3 Bd6 17. Nxg5 Ke7 18. e4 d4 19. Nf3 Ke6 20. cxd4 cxd4 21.
Rac1 Na5 22. Kd3 b5 23. Nd2 Bb4 24. Nf3 Nc4 25. Rc2 Bd6 26. Nd2 Nb6 27. Rhc1
Rcg8 28. Rc6 h5 29. h4 Rg4 30. Nf3 Kd7 31. Nxd4 Nc4 32. R1xc4 bxc4+ 33. Kxc4
Rxg3 34. Rxd6+ Kxd6 35. Nf5+ Ke6 36. Nxg3 Rc8+ 37. Kd3 Rd8+ 38. Ke3 Rg8 39. b4
Rg4 40. Nxh5 Rxg2 41. Ng3 Rg1 42. h5 Ra1 43. h6 Kf6 44. f4 exf4+ 45. Kxf4 Rxa2
46. e5+ Kg6 47. e6 Ra6 0-1

[Event "Titled Tue 26th Aug Early"]
[Site "chess.com INT"]
[Date "2025.08.26"]
[Round "10"]
[White "Aarav Sarbalia"]
[Black "Gong, Qianyun"]
[Result "1-0"]
[WhiteTitle "FM"]
[BlackTitle "WGM"]
[WhiteElo "2232"]
[BlackElo "2229"]
[WhiteFideId "33382859"]
[BlackFideId "8602425"]
[EventDate "2025.08.26"]

1. e4 e5 2. Nf3 Nc6 3. d4 exd4 4. Nxd4 Nf6 5. Nxc6 bxc6 6. Nd2 d5 7. exd5 cxd5
8. b3 Bd6 9. Bb2 O-O 10. Be2 c5 11. O-O Bf5 12. Re1 Re8 13. Nf1 Ne4 14. Ng3 Bg6
15. Nxe4 Bxe4 16. Bf3 Re6 17. Bxe4 dxe4 18. Qg4 g6 19. Rad1 Qe7 20. Qh3 Re8 21.
Qe3 Be5 22. Bxe5 Rxe5 23. c4 Kg7 24. Rd5 f5 25. Red1 Qf8 26. Rxe5 Rxe5 27. Qc3
Qf6 28. Rd7+ Kg8 29. g3 f4 30. Rd5 Rf5 31. Qxf6 Rxf6 32. gxf4 Rxf4 33. Rxc5 Rg4+
34. Kf1 Rh4 35. Rc8+ Kg7 36. Rc7+ Kh6 37. Rxa7 Rxh2 38. c5 Rh1+ 39. Kg2 Rc1 40.
b4 Rc4 41. Rb7 Rc2 42. Kf1 Kg5 43. a4 h5 44. a5 h4 45. a6 h3 46. Rh7 Kg4 47. a7
Ra2 48. b5 Kf3 49. Rxh3+ Kg4 50. Rg3+ Kf4 51. b6 1-0

[Event "Titled Tue 26th Aug Early"]
[Site "chess.com INT"]
[Date "2025.08.26"]
[Round "10"]
[White "Ng, Clive"]
[Black "Gbiorczyk, Mikolaj"]
[Result "0-1"]
[WhiteTitle "FM"]
[BlackTitle "CM"]
[WhiteElo "2006"]
[BlackElo "2070"]
[WhiteFideId "3214869"]
[BlackFideId "21080763"]
[EventDate "2025.08.26"]

1. e4 c6 2. d4 d5 3. exd5 cxd5 4. Bd3 Nc6 5. c3 Qc7 6. Ne2 Bg4 7. f3 Bd7 8. Bf4
e5 9. Bg3 Bd6 10. Nd2 Nf6 11. Qb3 O-O 12. O-O Rfe8 13. Rae1 Rad8 14. Bb1 exd4
15. Bxd6 Qxd6 16. Nxd4 Qc5 17. Qb5 b6 18. Qd3 Nxd4 19. cxd4 Qb4 20. Nb3 g6 21.
Re5 Bb5 22. Qe3 Bxf1 23. Kxf1 Rxe5 24. dxe5 Nh5 25. e6 Qe7 26. exf7+ Qxf7 27.
Nd4 Re8 28. Qc3 Nf4 29. Bc2 Ne6 30. Nc6 Nc5 31. Qd4 Qe6 32. Qd2 Qxc6 33. b4 Qb5+
34. Kf2 Ne6 35. Bb3 Rd8 36. a4 Qd7 37. Qh6 Qf7 38. h4 Qg7 39. Qe3 Qb2+ 40. Kg3
Qf6 41. h5 gxh5 42. Kh2 Qf4+ 43. Qxf4 Nxf4 44. Kg3 Ng6 45. f4 Kg7 46. f5 Ne5 47.
Kf4 Kf6 48. g3 d4 49. Bd1 d3 50. Ke3 d2 0-1

[Event "Titled Tue 26th Aug Early"]
[Site "chess.com INT"]
[Date "2025.08.26"]
[Round "10"]
[White "Newansa, M Esandi"]
[Black "Shubhi Gupta"]
[Result "0-1"]
[WhiteTitle "WFM"]
[BlackTitle "WFM"]
[WhiteElo "1951"]
[BlackElo "2213"]
[WhiteFideId "9999060"]
[BlackFideId "25195425"]
[EventDate "2025.08.26"]

1. d4 d5 2. Bf4 c5 3. e3 Nc6 4. c3 Nf6 5. Nd2 Bf5 6. Ngf3 e6 7. Qb3 Qc8 8. c4
cxd4 9. exd4 Be7 10. Be2 O-O 11. O-O Na5 12. Qa4 Nc6 13. cxd5 Nxd5 14. Bg3 Rd8
15. Rac1 a6 16. Ne5 Bf6 17. Nxc6 bxc6 18. Rxc6 Qb7 19. b3 Bxd4 20. Bxa6 Qd7 21.
Rfc1 Nc3 22. Qc4 Bd3 23. Qxd3 Qxc6 24. Bb5 Qxb5 25. Rxc3 Qxd3 26. Rxd3 Bxf2+ 27.
Kxf2 Rxd3 28. Ke2 Rc3 29. a4 f5 30. Be5 Rc5 31. Bd4 Rd5 32. Ke3 Rad8 33. Nf3 g5
34. Bf6 Rd3+ 35. Ke2 g4 36. Bxd8 Rxd8 37. Nd2 Ra8 38. Nc4 Kg7 39. a5 Rb8 40. Nb6
e5 41. b4 f4 42. b5 e4 43. a6 f3+ 44. gxf3 gxf3+ 45. Kf2 Re8 46. a7 e3+ 47. Kxf3
e2 48. a8=Q e1=Q 49. Qb7+ Re7 50. Qd5 Qf1+ 51. Kg3 Re3+ 52. Kh4 Qf4+ 53. Kh5
Rh3# 0-1

[Event "Titled Tue 26th Aug Early"]
[Site "chess.com INT"]
[Date "2025.08.26"]
[Round "10"]
[White "Zdorov, Egor Vit"]
[Black "Korchynskyi, Mykola"]
[Result "0-1"]
[WhiteTitle "CM"]
[BlackTitle "FM"]
[WhiteElo "2094"]
[BlackElo "2359"]
[WhiteFideId "55688560"]
[BlackFideId "34138005"]
[EventDate "2025.08.26"]

1. Nf3 d5 2. g3 Nf6 3. Bg2 Bf5 4. c4 e6 5. Qb3 dxc4 6. Qxb7 Nbd7 7. Nd4 Rb8 8.
Qa6 Rb6 9. Qxc4 Rb4 10. Qc3 Ne4 11. Bxe4 Bxe4 12. f3 Bd5 13. Nc6 Bxc6 14. Qxc6
Bd6 15. Nc3 O-O 16. a3 Rb6 17. Qc4 Ne5 18. Qe4 f5 19. Qc2 Nc6 20. e3 Ne5 21. O-O
h5 22. d4 Ng6 23. e4 h4 24. f4 Qb8 25. e5 Be7 26. b4 Rd8 27. Be3 Rc6 28. Qb3 Qb7
29. d5 exd5 30. Nxd5 Kh7 31. Nxe7 Nxe7 32. Rfd1 h3 33. Ra2 Rc3 34. Qb1 Qf3 35.
Rxd8 Qxe3+ 36. Kf1 Rc1+ 37. Qxc1 Qxc1+ 38. Kf2 Nc6 39. Rdd2 Qc3 40. Rac2 Qxa3
41. Rxc6 Qxb4 42. Rdc2 Qe4 43. Rxc7 a5 44. R7c6 a4 45. e6 a3 46. e7 Qxe7 47. Ra6
Qe4 48. Ra2 Qg2+ 49. Ke3 Qxa2 0-1

[Event "Titled Tue 26th Aug Early"]
[Site "chess.com INT"]
[Date "2025.08.26"]
[Round "10"]
[White "Buchenau, Frank"]
[Black "Pandey, Srishti"]
[Result "0-1"]
[WhiteTitle "FM"]
[BlackTitle "WIM"]
[WhiteElo "2205"]
[BlackElo "2202"]
[WhiteFideId "4604350"]
[BlackFideId "35093290"]
[EventDate "2025.08.26"]

1. e4 e5 2. Bc4 Nf6 3. d3 Nc6 4. Nf3 h6 5. O-O d6 6. Re1 g5 7. Nfd2 Bg7 8. Nf1
O-O 9. Ne3 Na5 10. a3 Nxc4 11. Nxc4 Be6 12. Nc3 c6 13. a4 Ne8 14. Ne3 d5 15. Ne2
Nd6 16. Ng3 f5 17. exf5 Nxf5 18. Nexf5 Bxf5 19. Nxf5 Rxf5 20. f3 Qf8 21. Bd2 Re8
22. Bc3 h5 23. Re2 g4 24. Rf2 gxf3 25. Rxf3 Rxf3 26. Qxf3 Qxf3 27. gxf3 Rf8 28.
Kg2 Rf5 29. a5 a6 30. Kf2 Kf7 31. Rg1 Bf8 32. Ke2 Bc5 33. Rg2 Be7 34. Rg1 Bf6
35. Rg2 Rf4 36. Rg3 Rh4 37. h3 Ke6 38. Be1 Kf5 39. Bd2 Ra4 40. Rg8 Ra2 41. Bc1
Ra1 42. Bd2 Rb1 43. b3 Rb2 44. Kd1 Ra2 45. Rb8 Ra1+ 46. Ke2 Rh1 47. Rxb7 Rxh3
48. Rb6 Rh2+ 49. Kd1 Rh1+ 50. Ke2 h4 51. Rxa6 h3 52. Ra8 h2 53. a6 Ra1 54. a7
h1=Q 0-1

[Event "Titled Tue 26th Aug Early"]
[Site "chess.com INT"]
[Date "2025.08.26"]
[Round "10"]
[White "Raghav V"]
[Black "Smieszek, Wojciech"]
[Result "0-1"]
[WhiteTitle "FM"]
[BlackTitle "CM"]
[WhiteElo "2343"]
[BlackElo "2141"]
[WhiteFideId "25922475"]
[BlackFideId "1156047"]
[EventDate "2025.08.26"]

1. c4 Nf6 2. Nc3 c5 3. Nf3 Nc6 4. d4 cxd4 5. Nxd4 g6 6. g3 Bg7 7. Bg2 O-O 8. O-O
d6 9. Nxc6 bxc6 10. Bxc6 Rb8 11. Bg2 Qa5 12. Qc2 Bf5 13. e4 Be6 14. Nd5 Nxd5 15.
cxd5 Rfc8 16. Qd2 Qxd2 17. Bxd2 Bd7 18. Be3 Rxb2 19. Rac1 Rxc1 20. Rxc1 Rxa2 21.
h4 Kf8 22. Rc7 Ke8 23. Rb7 Kd8 24. Bf1 Ra1 25. Kg2 a6 26. Ra7 Bb5 27. Bb6+ Kc8
28. Bxb5 axb5 29. Rxe7 b4 30. Rxf7 b3 31. Rc7+ Kb8 32. Rxg7 b2 33. Bd4 b1=Q 34.
Bxa1 Qxa1 35. Rxh7 Kc8 36. Re7 Qb1 37. f3 Qd1 38. Rf7 Kd8 39. Kh3 Ke8 40. Rf4
Ke7 41. Kg4 Qg1 42. Kh3 Qh1+ 43. Kg4 Qh2 44. e5 dxe5 45. Ra4 Qe2 46. Ra7+ Kd6
47. Rg7 e4 48. Rxg6+ Kxd5 49. Rf6 e3 50. h5 Qh2 51. Rf5+ Kd4 52. Rf4+ Kd3 53.
Re4 e2 54. Rxe2 Kxe2 55. f4 Ke3 56. f5 Ke4 57. f6 Ke5 58. f7 Qf2 59. Kg5 Qxf7
60. g4 Qf6# 0-1

[Event "Titled Tue 26th Aug Early"]
[Site "chess.com INT"]
[Date "2025.08.26"]
[Round "10"]
[White "Souleidis, Georgios"]
[Black "Tarhan, Adar"]
[Result "0-1"]
[WhiteTitle "IM"]
[BlackTitle "IM"]
[WhiteElo "2418"]
[BlackElo "2474"]
[WhiteFideId "4206827"]
[BlackFideId "34544712"]
[EventDate "2025.08.26"]

1. e4 e5 2. Nc3 Nc6 3. f4 exf4 4. Nf3 g5 5. g3 g4 6. Nh4 d6 7. d4 f3 8. Be3 Be7
9. Qd2 Bxh4 10. gxh4 Qxh4+ 11. Bf2 Qe7 12. O-O-O Bd7 13. Nd5 Qd8 14. Qf4 Nce7
15. Bc4 Nxd5 16. Bxd5 Qf6 17. Qd2 O-O-O 18. Qa5 Kb8 19. Rd3 Ne7 20. Ra3 Nc8 21.
e5 dxe5 22. dxe5 Qa6 23. Qb4 Qb5 24. Qxb5 Bxb5 25. Bxf7 Nb6 26. e6 Be8 27. Bh4
Bxf7 28. Bxd8 Bxe6 29. Bh4 Nc4 30. Rd3 Ne5 31. Re3 Ng6 32. Bg3 Bd7 33. Rd1 Bc6
34. c4 h5 35. b4 h4 36. Bf2 a6 37. Rd4 g3 38. hxg3 h3 39. Re1 h2 40. Rh1 Ne5 41.
Kd2 Bd7 42. Rh4 Rxh4 43. gxh4 Ng4 44. Ke1 Be6 45. c5 Bxa2 46. h5 Kc8 47. Bg3 f2+
48. Bxf2 Bd5 49. Rxh2 Nxh2 50. h6 Be4 51. Be3 Ng4 52. Bd4 Nxh6 53. Kd2 Nf5 54.
Bc3 Kd7 55. Ke2 Kc6 0-1

[Event "Titled Tue 26th Aug Early"]
[Site "chess.com INT"]
[Date "2025.08.26"]
[Round "10"]
[White "Grot, Blazej"]
[Black "Manvelyan, Mikayel"]
[Result "0-1"]
[WhiteTitle "CM"]
[BlackTitle "FM"]
[WhiteElo "2207"]
[BlackElo "2386"]
[WhiteFideId "21835845"]
[BlackFideId "13310143"]
[EventDate "2025.08.26"]

1. e4 e5 2. Nf3 Nc6 3. Bb5 a6 4. Ba4 Nf6 5. O-O b5 6. Bb3 Bc5 7. c3 d6 8. d3 O-O
9. Be3 Bxe3 10. fxe3 Ne7 11. Nbd2 Ng6 12. Rf2 Be6 13. Bxe6 fxe6 14. Qb3 Qd7 15.
h3 a5 16. a4 Rfb8 17. axb5 Rxb5 18. Qa2 Rab8 19. Nc4 Ra8 20. Qa4 Rc5 21. Qxd7
Nxd7 22. b4 Rb5 23. Rfa2 d5 24. Ncd2 c5 25. Rxa5 Raxa5 26. Rxa5 Rxa5 27. bxa5
Nb8 28. exd5 exd5 29. Nb3 Na6 30. d4 exd4 31. exd4 c4 32. Nc5 Nc7 33. a6 Nb5 34.
Ne5 Ne7 35. Kf2 Nc8 36. Nc6 Kf7 37. Ke3 Nxc3 38. a7 Nb6 39. Nd7 Na8 40. Nde5+
Ke8 41. Ng4 Nb5 42. Nge5 Nb6 43. Nb4 Nxa7 44. Kd2 Nb5 45. Ke3 Ke7 46. Nec6+ Kd6
47. Ne5 Ke6 48. Nec6 Nd6 49. Ne5 Nf5+ 50. Kf4 Nxd4 51. Ng4 Kd6 52. Ne3 Kc5 53.
Na6+ Kb5 54. Nc7+ Kc6 55. Na6 Kd6 56. Nb4 Nc6 57. Nbc2 Kc5 58. Nf5 d4 0-1